| 000 | 00890cam a22002651 4500 | ||
|---|---|---|---|
| 001 | sa 67003958 | ||
| 003 | DLC | ||
| 005 | 20260227112343.0 | ||
| 008 | 890919s1964 ii b 000 0 hino | ||
| 010 | _asa 67003958 | ||
| 035 | _a(OCoLC)20369158 | ||
| 040 |
_aDLC _cWaU _dNRU _dDLC |
||
| 042 | _apremarc | ||
| 050 | 0 | 0 |
_aPK2098.B22 _bH3 1964 |
| 100 | 1 |
_aBaccana, _d1907-2003. |
|
| 245 | 1 | 0 |
_aHarivaṃśarāya 'Baccana'. _c[Sampādaka] Candragupta Vidyālaṅkāra. |
| 260 |
_aDillī, _bRājapāla _c[1964] |
||
| 300 |
_a140 p. _c19 cm. |
||
| 440 | 0 |
_aĀja ke lokapriya Hindī kavi ; _v3 |
|
| 500 | _aIn Hindi. | ||
| 500 | _a"Pariśshṭa 2: 'Baccana' kī racanāoṃ ke prathama saṃskaraṇa": p. [139]-140. | ||
| 500 | _aPoems. | ||
| 504 | _a"Pariśshṭa 2: 'Baccana' kī racanāoṃ ke prathama saṃskaraṇa": p. [139]-140. | ||
| 600 | 1 | 0 |
_aVidyalankar, Chandra Gupta, _d1906- |
| 999 |
_c74201 _d74201 |
||